[Event "Astrakhan op"]
[Site "Astrakhan"]
[Date "2012.08.20"]
[Round "6"]
[White "Makhorin, Alexei"]
[Black "Khryaschev, Denis"]
[Result "1-0"]
[WhiteElo "1943"]
[BlackElo "1937"]
[PlyCount "51"]
[EventDate "2012.08.15"]
[EventType "swiss"]
[EventRounds "9"]
[EventCountry "RUS"]
[SourceTitle "CBM 150 Extra"]
[Source "ChessBase"]
[SourceDate "2012.10.19"]
[SourceVersion "1"]
[SourceVersionDate "2012.10.19"]
[SourceQuality "1"]

1. e4 c5 2. c3 d5 3. exd5 Qxd5 4. d4 cxd4 5. Qxd4 Qxd4 6. cxd4 Nc6 7. Be3 g6 8. Bb5 Bd7 9. Nc3 Bg7 10. Nge2 Nf6 11. 0-0 0-0 12. Rad1 Rfd8 13. a3 a6 14. Ba4 b5 15. Bb3 Na5 16. Bd5 Nxd5 17. Nxd5 Bg4 18. Nxe7+ Kf8 19. f3 Re8 20. Bd2 Nb7 21. fxg4 a5 22. Bg5 f6 23. Bxf6 Bxf6 24. Rxf6+ Kg7 25. Rb6 Rxe7 26. Nc3 1-0

[Event "Astrakhan op"]
[Site "Astrakhan"]
[Date "2012.08.19"]
[Round "5"]
[White "Khryaschev, Denis"]
[Black "Genov, Ilya"]
[Result "0-1"]
[WhiteElo "1937"]
[BlackElo "2102"]
[PlyCount "68"]
[EventDate "2012.08.15"]
[EventType "swiss"]
[EventRounds "9"]
[EventCountry "RUS"]
[SourceTitle "CBM 150 Extra"]
[Source "ChessBase"]
[SourceDate "2012.10.19"]
[SourceVersion "1"]
[SourceVersionDate "2012.10.19"]
[SourceQuality "1"]

1. e4 e5 2. f4 d5 3. exd5 c6 4. Nc3 exf4 5. Nf3 Bd6 6. dxc6 Nxc6 7. d4 Nge7 8. Bc4 0-0 9. 0-0 Bg4 10. Ne2 Ng6 11. c3 Nce7 12. Bd2 Nf5 13. Qc1 Qc7 14. Bd3 Rae8 15. Bxf5 Bxf5 16. Ne5 Bxe5 17. dxe5 Bd3 18. Rf2 Bxe2 19. Rxe2 f3 20. Rf2 Nxe5 21. Bf4 fxg2 22. Qe3 a6 23. Qg3 f6 24. Qxg2 Qc6 25. Qxc6 Nxc6 26. Bd6 Rf7 27. c4 Rd8 28. Rd2 Rfd7 29. Rad1 Kf7 30. Kf2 Ne5 31. c5 Nc4 32. Rc2 b5 33. Rxc4 bxc4 34. c6 Rxd6 0-1

[Event "Astrakhan op"]
[Site "Astrakhan"]
[Date "2012.08.18"]
[Round "4"]
[White "Losyakov, Andrey"]
[Black "Khryaschev, Denis"]
[Result "1/2-1/2"]
[WhiteElo "2045"]
[BlackElo "1937"]
[PlyCount "95"]
[EventDate "2012.08.15"]
[EventType "swiss"]
[EventRounds "9"]
[EventCountry "RUS"]
[SourceTitle "CBM 150 Extra"]
[Source "ChessBase"]
[SourceDate "2012.10.19"]
[SourceVersion "1"]
[SourceVersionDate "2012.10.19"]
[SourceQuality "1"]

1. e4 c5 2. Nf3 d6 3. Bb5+ Nc6 4. Bxc6+ bxc6 5. h3 g6 6. d3 Bg7 7. 0-0 e5 8. Re1 Qc7 9. Nc3 Ne7 10. Nh4 h6 11. Qf3 0-0 12. Nd1 Kh7 13. Ne3 Be6 14. a4 Qd7 15. Re2 f5 16. exf5 gxf5 17. Qh5 Bf7 18. Qf3 f4 19. Qe4+ Kg8 20. Nef5 d5 21. Nxe7+ Qxe7 22. Qxf4 Bh5 23. Qg3 Bxe2 24. Ng6 Qf6 25. Nxf8 Rxf8 26. Qe3 Bh5 27. Qxc5 d4 28. f4 Be8 29. Qxe5 Qxe5 30. fxe5 Kh8 31. Bd2 Rf5 32. Ra3 Bf7 33. b4 Rxe5 34. Kf2 Bd5 35. g3 Rf5+ 36. Kg1 Be5 37. b5 Bxg3 38. bxc6 Rf2 39. Be1 Rg2+ 40. Kf1 Bxe1 41. Kxe1 Rxc2 42. a5 Bxc6 43. Rb3 Rc3 44. Rb4 Rxd3 45. Rc4 Rc3 46. Rxd4 a6 47. h4 Ra3 48. Rd6 1/2-1/2